000 00579nam a2200193Ia 4500
005 20250326142521.0
008 250326s9999 xx 000 0 und d
020 _a0-7450-0485-7
037 _aTextbook
040 _aFMSL
_beng
_cFMSL
041 _aeng
_2eng
084 _aX:74.1 M8
_qFMSL
100 _aBerting G V
_9746183
245 0 _aMultinationals and industrial property the control of the worlds technology
_cBerting G V; Wyatt S
260 _aEnland
_bEnland, Harvester
_c1988
300 _a198p
942 _cTB
_hX:74.1 M8
999 _c1295397
_d1295397